Statistics for Guess that Food

Click here to take the quiz!

General Stats

  • This quiz has been taken 33 times
    (10 since last reset)
  • The average score is 10 of 15

Answer Stats

Answer% Correct
Donut
100%
Tomato
88%
Avocado
88%
Hot Dog
88%
Cookie
88%
Candy cane
75%
Pumpkin
75%
Candy Corn
63%
Bread
63%
Jam
63%
Cucumber
63%
Banana
63%
Pasta
50%
Lettuce
38%
Capsicum
13%

Score Distribution

Percentile by Number Answered

Percent of People with Each Score

Your Score History

You have not taken this quiz since the last reset